Review of green belt policy in Scotland (Record no. 109968)
[ view plain ]
| 000 -LEADER | |
|---|---|
| fixed length control field | 01435cad a22003135a 4500 |
| 001 - CONTROL NUMBER | |
| control field | E148240 |
| 008 - FIXED-LENGTH DATA ELEMENTS--GENERAL INFORMATION | |
| fixed length control field | 090821s2004 xxk f s000 0 eng d |
| 020 1# - INTERNATIONAL STANDARD BOOK NUMBER | |
| International Standard Book Number | 0755937783 |
| 035 ## - SYSTEM CONTROL NUMBER | |
| System control number | (Sirsi) u148240 |
| 041 0# - LANGUAGE CODE | |
| Language code of text/sound track or separate title | eng |
| 050 04 - LIBRARY OF CONGRESS CALL NUMBER | |
| Classification number | 711.1 $2 18 |
| 100 2# - MAIN ENTRY--PERSONAL NAME | |
| Personal name | Bramley, Glen |
| 245 00 - TITLE STATEMENT | |
| Title | Review of green belt policy in Scotland |
| Medium | [electronic resource] |
| 260 ## - PUBLICATION, DISTRIBUTION, ETC. | |
| Place of publication, distribution, etc. | Edinburgh |
| Name of publisher, distributor, etc. | Scottish Executive Social Research |
| Date of publication, distribution, etc. | 2004 |
| 505 2# - FORMATTED CONTENTS NOTE | |
| Formatted contents note | Executive summary -- Introduction -- Literature and policy review -- Review of development plans -- Views of stakeholders -- Case studies: Aberdeen and Aberdeenshire; Dundee and Angus; Edinburgh and Midlothian; Glasgow and the Clyde Valley -- International perspecitives -- Assessment of policy options -- Conclusions and recommendations -- References and bibliography -- Appendices |
| 520 ## - SUMMARY, ETC. | |
| Summary, etc. | Looks at the policy relating to green belt land in Scotland, and makes recommendations for changes to make the system more effective. |
| 521 ## - TARGET AUDIENCE NOTE | |
| Target audience note | Advanced |
| 651 #4 - SUBJECT ADDED ENTRY--GEOGRAPHIC NAME | |
| Geographic name | Scotland |
| Chronological subdivision | 1999- |
| 690 ## - LOCAL SUBJECT ADDED ENTRY--TOPICAL TERM (OCLC, RLIN) | |
| Topical term or geographic name as entry element | Planning and development |
| 9 (RLIN) | 6259 |
| 700 1# - ADDED ENTRY--PERSONAL NAME | |
| Personal name | Hague, Cliff |
| 700 1# - ADDED ENTRY--PERSONAL NAME | |
| Personal name | Kirk, Karryn |
| 700 1# - ADDED ENTRY--PERSONAL NAME | |
| Personal name | Prior, Alan |
| 700 1# - ADDED ENTRY--PERSONAL NAME | |
| Personal name | Raemaekers, Jeremy |
| 700 1# - ADDED ENTRY--PERSONAL NAME | |
| Personal name | Smith, Harry |
| 700 1# - ADDED ENTRY--PERSONAL NAME | |
| Personal name | Robinson, Andrew |
| 700 1# - ADDED ENTRY--PERSONAL NAME | |
| Personal name | Bushnell, Rosie |
| 856 40 - ELECTRONIC LOCATION AND ACCESS | |
| Uniform Resource Identifier | <a href="https://www.scotland.gov.uk/Publications/2004/08/19785/41535">https://www.scotland.gov.uk/Publications/2004/08/19785/41535</a> |
| Public note | View the report free of charge at www.scotland.gov.uk... |
| 942 ## - ADDED ENTRY ELEMENTS (KOHA) | |
| Suppress in OPAC | 0 |
| Withdrawn status | Lost status | Source of classification or shelving scheme | Damaged status | Not for loan | Home library | Current library | Shelving location | Date acquired | Total Checkouts | Full call number | Barcode | Date last seen | Copy number | Price effective from | Koha item type |
|---|---|---|---|---|---|---|---|---|---|---|---|---|---|---|---|
| Dewey Decimal Classification | Virtual | Virtual | Online | 21/08/2009 | ONLINE PUBLICATION | 148240-2001 | 06/08/2019 | 1 | 06/08/2019 | Book |